En el baño (Registro nro. 2289)

Detalles MARC
000 - LÍDER
campo de control de longitud fija 01667nam a2200349Ia 4500
005 - FECHA Y HORA DE LA ÚLTIMA TRANSACCIÓN
campo de control 20210727153107.0
008 - ELEMENTOS DE DATOS DE LONGITUD FIJA - INFORMACIÓN GENERAL
campo de control de longitud fija 121119s2011 ve a 000 1 spa
020 ## - INTERNATIONAL STANDARD BOOK NUMBER
International Standard Book Number 9789588445298
041 ## - CÓDIGO DE LENGUAJE
Código de idioma de texto / pista de sonido o título separado spa
040 ## - FUENTE DE CATALOGACIÓN
Agencia de catalogación original CO-BoRNBP
Lenguaje de catalogación spa
Descripción convenciones rda
Agencia de transcripción CO-BoRNBP
084 ## - OTRO NÚMERO DE CLASIFICACIÓN
Número de clasificación A WAY1
100 1# - ENTRADA PRINCIPAL - NOMBRE PERSONAL
Nombre de la persona Wayne von Königslöw, Andrea
245 13 - TÍTULO DECLARACIÓN
Título En el baño
Declaración de responsabilidad Andrea Wayne Von Konigslow ; traducción Clarisa de la Rosa
250 ## - DECLARACIÓN DE EDICIÓN
Sentencia de edición Edición especial para el Ministerio de Cultura
264 ## - AVISO DE PRODUCCIÓN, PUBLICACIÓN, DISTRIBUCIÓN, FABRICACIÓN Y DERECHOS DE AUTOR
Lugar de producción Caracas
Nombre del productor Ekaré
Fecha de producción 2011
300 ## - DESCRIPCIÓN FÍSICA
Alcance [22] páginas sin enumerar
Otros datos físicos ilustraciones en color
Dimensiones 20 cm
336 ## - TIPO DE CONTENIDO
Tipo de contenido texto
Código de tipo de contenido txt
Fuente rdacontent
337 ## - TIPO DE MEDIO
Término del tipo de medio sin mediación
Código de tipo de medio n
Fuente rdamedia
338 ## - TIPO DE PORTADOR
Término del tipo de operador volumen
Código de tipo de operador nc
Fuente rdacarrier
490 ## - DECLARACIÓN EN SERIE
Estado de cuenta de la serie El jardin de los niños
490 ## - DECLARACIÓN EN SERIE
Estado de cuenta de la serie Leer es mi cuento
520 ## - RESUMEN
Resumen ¿Te imaginas a los animales usando el inodoro como si fuesen humanos? El león creería que es su trono, el elefante haría un desastre al destruirlo todo y el puercoespín se atascaría en él con tantas espinas como trae encima. Por ello has de comprender que aprender a ir al baño es un hábito exclusivamente humano y, además, necesario
521 ## - NOTA DE AUDIENCIA OBJETIVO
Nota para el público objetivo Recomendado para niños de 0 a 2 años
534 ## - NOTA DE VERSIÓN ORIGINAL
Declaración de título del original Toilet tales
650 14 - ENTRADA DE SUJETO AÑADIDO - TÉRMINO TÓPICO
Fuente del título o término LEMB
Término tópico o elemento de entrada del nombre geográfico Álbumes infantiles canadienses
Subdivisión cronológica Siglo XX
650 14 - ENTRADA DE SUJETO AÑADIDO - TÉRMINO TÓPICO
Fuente del título o término LEMB
Término tópico o elemento de entrada del nombre geográfico Literatura infantil canadiense
Subdivisión cronológica Siglo XX
650 14 - ENTRADA DE SUJETO AÑADIDO - TÉRMINO TÓPICO
Fuente del título o término LEMB
Término tópico o elemento de entrada del nombre geográfico Higiene en la literatura
650 14 - ENTRADA DE SUJETO AÑADIDO - TÉRMINO TÓPICO
Fuente del título o término LEMB
Término tópico o elemento de entrada del nombre geográfico Animales en la literatura
700 1# - ENTRADA AGREGADA - NOMBRE PERSONAL
Nombre de la persona De la Rosa, Clarisa
Fechas asociadas a un nombre traductor
830 ## - ENTRADA AGREGADA EN SERIE - TÍTULO UNIFORME
Título uniforme Colección para la Primera Infancia del Ministerio de Cultura, Plan Nacional de Lectura y Escritura Leer es mi cuento, Primera Infancia 2011
9 (RLIN) 41856
942 ## - ELEMENTOS DE ENTRADA AGREGADOS (KOHA)
Fuente de clasificación o esquema de estanterías
Tipo de artículo Koha Literatura Infantil
Existencias
Estado de retirada Pérdida de estatus Fuente de clasificación o esquema de estanterías Estado dañado No para préstamo Código de recogida Ubicación permanente Ubicación actual Ubicación de las estanterías Fecha de adquisición Fuente de adquisición Total de Cajas Número Topográfico Código de barras Precio efectivo desde Número de copia Fecha de la última vez que se vio Tipo de artículo Koha
    Dewey Decimal Classification     Infantil Biblioteca Pública Municipal Isaías Naranjo Ríos Biblioteca Pública Municipal Isaías Naranjo Ríos Área Infantil 03/10/2000 Dotación ministerio de cultura   C I83391 K65e2 API01 - 1703 09/10/2024 Ej.1 09/10/2024 Literatura Infantil
    Dewey Decimal Classification     Infantil Biblioteca Pública Municipal José Eusebio Caro Biblioteca Pública Municipal José Eusebio Caro Área Infantil 08/05/2024 Biblioteca Nacional de Colombia BNC   A WAY1 SANP16 - 2188 08/05/2024 Ej.1 08/05/2024 Literatura Infantil
    Dewey Decimal Classification     General Biblioteca Pública Municipal Pública Municipal de Santuario Biblioteca Pública Municipal Pública Municipal de Santuario Área General 20/06/2023 Dotación MinCultura y BNC   A KON SANT18 - 2573 20/06/2023 Ej. 1 20/06/2023 Literatura Infantil